Living with dragons : (Record no. 170674)

MARC details
000 -LEADER
fixed length control field 00808nam a2200205 4500
001 - CONTROL NUMBER
control field vtls000885960
003 - CONTROL NUMBER IDENTIFIER
control field MY-SjTCS
005 - DATE AND TIME OF LATEST TRANSACTION
control field 20200226120804.0
008 - FIXED-LENGTH DATA ELEMENTS--GENERAL INFORMATION
fixed length control field 110218 1995 00 eng
020 ## - INTERNATIONAL STANDARD BOOK NUMBER
International Standard Book Number 1863738800
039 #9 - LEVEL OF BIBLIOGRAPHIC CONTROL AND CODING DETAIL [OBSOLETE]
Level of rules in bibliographic description 201905141134
Level of effort used to assign nonsubject heading access points dianafitri
Level of effort used to assign subject headings 201203291023
Level of effort used to assign classification izani
Level of effort used to assign subject headings 201102181603
Level of effort used to assign classification VLOAD
-- 200407271837
-- VLOAD
082 04 - DEWEY DECIMAL CLASSIFICATION NUMBER
Classification number 327.9405
Item number LIV
245 00 - TITLE STATEMENT
Title Living with dragons :
Remainder of title Australia confrants its Asia destiny /
Statement of responsibility, etc. edited by Greg Sheridan
260 ## - PUBLICATION, DISTRIBUTION, ETC.
Place of publication, distribution, etc. St. Leonards, N.S.W. :
Name of publisher, distributor, etc. Allen & Unwin in association with Mobil Oil Australia,
Date of publication, distribution, etc. 1995
300 ## - PHYSICAL DESCRIPTION
Extent xxi, 240 p. ;
Dimensions 23 cm.
650 #0 - SUBJECT ADDED ENTRY--TOPICAL TERM
Topical term or geographic name entry element Asia
General subdivision Foreign relations
Geographic subdivision Australia.
9 (RLIN) 4584
651 #0 - SUBJECT ADDED ENTRY--GEOGRAPHIC NAME
Geographic name Australia
General subdivision Foreign relations
Geographic subdivision Asia.
700 1# - ADDED ENTRY--PERSONAL NAME
Personal name Sheridan, Greg,
Dates associated with a name 1956-
Relator term (ed.)
9 (RLIN) 4583
920 ## - Programme
Programme AUDP : 53579, 53621, 53622, 53697, 53698
Holdings
Withdrawn status Lost status Source of classification or shelving scheme Damaged status Not for loan Collection code Home library Current library Date acquired Total Checkouts Barcode Date last seen Date last checked out Copy number Koha item type Public note
Withdrawn   Dewey Decimal Classification     Please fill up online form at https://taylorslibrary.taylors.edu.my/services/external_storage1 Taylor's Library-TU TU External Storage-LCS 27/07/2004   1000005278 12/12/2019 01/02/2010 1 Main Collection TBSxx,34004,03,GR